La ceremonia del adiós, seguido de conversaciones con Jean-Paul Sartre (Record no. 31496)
[ view plain ]
| 000 -LEADER | |
|---|---|
| campo de control de longitud fija | 00635nam a2200181 i 4500 |
| 001 - NÚMERO DE CONTROL | |
| campo de control | 31496 |
| 003 - IDENTIFICADOR DE NÚMERO DE CONTROL | |
| campo de control | ES-MaACL |
| 007 - CAMPO FIJO DE DESCRIPCIÓN FÍSICA--INFORMACIÓN GENERAL | |
| campo de control de longitud fija | t| |
| 008 - DATOS DE LONGITUD FIJA--INFORMACIÓN GENERAL | |
| campo de control de longitud fija | 030129s1974 sp ||||1| spa d |
| 100 0# - ENTRADA PRINCIPAL--NOMBRE DE PERSONA | |
| Nombre de persona | Beauvoir, Simone de, |
| Fechas asociadas al nombre | 1908-1986 |
| 9 (RLIN) | 26850 |
| 245 13 - MENCIÓN DEL TÍTULO | |
| Título | La ceremonia del adiós, seguido de conversaciones con Jean-Paul Sartre |
| Resto del título | : agosto-septiembre 1974 / |
| Mención de responsabilidad, etc. | Simone de Beauvoir ; [traducción de J. Sanjosé Carbajosa]. |
| 250 ## - MENCION DE EDICION | |
| Mención de edición | [1ª ed.]. |
| 260 ## - PUBLICACIÓN, DISTRIBUCIÓN, ETC. | |
| Lugar de publicación, distribución, etc. | [Barcelona] : |
| Nombre del editor, distribuidor, etc. | Edhasa, |
| Fecha de publicación, distribución, etc. | [1982] |
| 300 ## - DESCRIPCIÓN FÍSICA | |
| Extensión | 549 p. ; |
| Dimensiones | 20 cm. |
| 700 1# - ENTRADA AGREGADA--NOMBRE PERSONAL | |
| Nombre de persona | Sanjosé Carbajosa, J. |
| 9 (RLIN) | 103156 |
| 852 ## - LOCALIZACIÓN | |
| Ubicación | ES-MaACL |
| Número de control de estantería | L-3922 |
| Sublocalización o colección | R.104896 |
| Estatus retirado | Estado de pérdida | Estado de daño | No para préstamo | Biblioteca de origen | Biblioteca actual | Ubicación en estantería | Fecha de adquisición | Fuente de adquisición | Total de préstamos | Signatura topográfica completa | Código de barras | Visto por última vez | Precio de reemplazo | Tipo de ítem Koha |
|---|---|---|---|---|---|---|---|---|---|---|---|---|---|---|
| Biblioteca del Ateneo de Madrid | Biblioteca del Ateneo de Madrid | Depósito 2 | 17/01/2008 | L-3922 | 1032548 | 23/02/2023 | 23/02/2023 | Libro impreso |
